Mortgage lending in 2003: analysis from the SML (Record no. 117556)

MARC details
000 -LEADER
fixed length control field 01372cam a2200253 4500
001 - CONTROL NUMBER
control field ABS@61468
008 - FIXED-LENGTH DATA ELEMENTS--GENERAL INFORMATION
fixed length control field 040621n2004 000 0 eng u
035 ## - SYSTEM CONTROL NUMBER
System control number (Sirsi) u126536
100 ## - MAIN ENTRY--PERSONAL NAME
Personal name Tatch, J.
245 ## - TITLE STATEMENT
Title Mortgage lending in 2003: analysis from the SML
260 ## - PUBLICATION, DISTRIBUTION, ETC.
Date of publication, distribution, etc. 2004
490 ## - SERIES STATEMENT
Series statement CML Housing Finance
Volume/sequential designation (62) Summer 2004, 33-44(11)
520 ## - SUMMARY, ETC.
Summary, etc. Draws on data from the latest "Survey of mortgage lenders", jointly managed by the Council of Mortgage Lenders and the ODPM, to provide an overview of the mortgage market in 2003, covering mortgage lending and mortgage, property and borrower characteristics. Highlights of the survey are: 2003 was a record year for mortgage lending with remortgaging accounting for 44% of the total, first-time buyers reached a record low and their average age increased to 34, deposits rose by more than house prices and capital repayment mortgages remained the most popular mortgage type with borrowers switching between fixed-rate and variable-rate mortgages according to short-term cost. Charts and tables cover supporting data from the survey.
590 ## - LOCAL NOTE (RLIN)
Local note ABS
590 ## - LOCAL NOTE (RLIN)
Local note ABS
650 ## - SUBJECT ADDED ENTRY--TOPICAL TERM
Topical term or geographic name entry element REMORTGAGES
650 ## - SUBJECT ADDED ENTRY--TOPICAL TERM
Topical term or geographic name entry element FIXED-RATE MORTGAGES
650 ## - SUBJECT ADDED ENTRY--TOPICAL TERM
Topical term or geographic name entry element VARIABLE RATE MORTGAGE
650 ## - SUBJECT ADDED ENTRY--TOPICAL TERM
Topical term or geographic name entry element MORTGAGE EQUITY
650 ## - SUBJECT ADDED ENTRY--TOPICAL TERM
Topical term or geographic name entry element DEPOSITS
650 ## - SUBJECT ADDED ENTRY--TOPICAL TERM
Topical term or geographic name entry element MORTGAGE MARKET
690 ## - LOCAL SUBJECT ADDED ENTRY--TOPICAL TERM (OCLC, RLIN)
Topical term or geographic name as entry element HOUSING-FINANCE
942 ## - ADDED ENTRY ELEMENTS (KOHA)
Suppress in OPAC 0
Holdings
Withdrawn status Lost status Source of classification or shelving scheme Damaged status Not for loan Home library Current library Shelving location Date acquired Total Checkouts Full call number Barcode Date last seen Copy number Price effective from Koha item type
    Dewey Decimal Classification     London London Journal article 21/06/2004   X126536 126536-1001 06/08/2019 1 06/08/2019 Journal article